| 000 | 01973 a2200241 4500 | ||
|---|---|---|---|
| 001 | 39337 | ||
| 005 | 20260407155652.0 | ||
| 008 | 260407a1990 arg spa d | ||
| 003 | AR-UNSa-BCEJYS | ||
| 040 |
_aAR-UNSa-BCEJYS _bspa _cAR-UNSa-BCEJYS |
||
| 080 |
_a658.012.2 _xPlanificación. Programas. Planes. Medidas de apoyo a la planificación( Administración estratégica...) |
||
| 245 | 1 | 0 |
_aEl planteamiento estratégico _pnueva tendencia de la administración |
| 020 | _a968-24-3929-9 | ||
| 264 | 1 |
_aMéxico : _bTrillas _c1990 |
|
| 300 |
_a284 p. _c23 cm. |
||
| 505 | _aParte I: Marco de trabajo conceptual :1. Un nuevo paradigma en el estudio de metas de organización - 2. La dinámica de normas en la administración estratégica - Parte II: Transformación de la postura estratégica : 3. De la planeación estratégica a la administración estratégica - 4. Diseño de una intervención de consultoría para la administración - Parte III: Estratégica y estructura : 5. Hacia un concepto comprensivo del comportamiento estratégico de adaptación de la empresa - 6. La administración estratégica de Hungría - 8. Financiamiento de la acción estratégica - 9. Implicaciones estratégicas en el diseño de organización - Parte IV: El administrador estratégico : 10. El administrador en proceso de cambio - 11.Diseño organizacional, motivación del empleado y apoyo de la motivación estratégica - 12. Sobre el desarrollo personal del director estratégico - Parte V: Educación, selección y entrenamiento : 13. Hacia la mejor selección y colocación de los directores estratégicos - 14. Diseño de un programa de desarrollo administrativo dentro de la empresa, para la administración estrátegica. | ||
| 942 | _cBK | ||
| 590 | _aniveau_biblio:m niveau_hierar:0 | ||
| 100 | 1 | _aAnsoff, H.I. | |
| 700 | 1 | _aDeclerck, R.P. | |
| 700 | 1 | _aHayes, R.L. | |
| 856 | 4 | 1 |
_uhttps://biblioeco.unsa.edu.ar/pmb/images/libros/L53714.jpg _yImagen de portada _qimage/jpeg |
| 999 |
_c3024 _d3024 |
||